000 00297nam a22001097a 4500
003 SGT
082 _a150,YOG
100 _aYogita Solanki-211001002
245 _aConstruction and Validation of the Psychological Well Being Scale for the Secondary School Students
260 _c2021
942 _2ddc
_cTH
999 _c29388
_d29388